[Event "30th Rilton Cup"]
[Site "Stockholm SWE"]
[Date "2000.12.29"]
[Round "3.3"]
[White "Gleizerov, Evgeny"]
[Black "Taimanov, Mark"]
[Result "1-0"]
[WhiteElo "2569"]
[BlackElo "2431"]
[EventDate "2000.12.27"]
[PlyCount "111"]

1.d4 Nf6 2.c4 e6 3.g3 Bb4+ 4.Bd2 a5 5.Nf3 d5 6.Qc2 Nc6 7.a3 Be7 8.Bg2 Bd7 
9.O-O a4 10.cxd5 Nxd5 11.e4 Nb6 12.Bc3 O-O 13.Nbd2 Na5 14.Rac1 Bb5 15.Rfd1
c6 16.Ne5 Nbc4 17.Ndxc4 Nxc4 18.d5 cxd5 19.exd5 Qb8 20.Qe4 Nd6 21.Qg4 Nf5 
22.dxe6 fxe6 23.Nd7 Bxd7 24.Rxd7 Qe8 25.Rxb7 Rc8 26.Rd1 Rd8 27.Rxd8 Qxd8 
28.Qxa4 Bc5 29.Qg4 g6 30.Qe2 Qd6 31.Bh3 Qd5 32.Rc7 Qd6 33.Rb7 Qd5 34.Bg2 
Qd6 35.b4 Bd4 36.Bxd4 Nxd4 37.Qe4 Rf5 38.Ra7 Nb5 39.Ra8+ Kg7 40.Qb7+ Kh6 
41.Rh8 Nc7 42.Qe4 Qd1+ 43.Bf1 Nd5 44.Qh4+ Rh5 45.Qd8 Qa1 46.Qf8+ Qg7 47.
Bc4 Re5 48.Bxd5 exd5 49.Kf1 Qxf8 50.Rxf8 Kg7 51.Rf3 g5 52.b5 d4 53.a4 Re4 
54.b6 d3 55.Rxd3 Rxa4 56.Rb3 1-0

[Event "30th Rilton Cup"]
[Site "Stockholm SWE"]
[Date "2000.12.29"]
[Round "3.4"]
[White "Ahlander, Bjoern"]
[Black "Ulybin, Mikhail"]
[Result "1/2-1/2"]
[WhiteElo "2424"]
[BlackElo "2568"]
[EventDate "2000.12.27"]
[PlyCount "86"]

1.d4 e6 2.c4 f5 3.Nf3 Nf6 4.g3 d5 5.Bg2 c6 6.O-O Bd6 7.Bf4 Bxf4 8.gxf4 O-O
9.Nbd2 Bd7 10.Qc2 Ne4 11.e3 Be8 12.Nxe4 fxe4 13.Ng5 Rf6 14.f3 h6 15.Nh3 
exf3 16.Rxf3 Bg6 17.Qb3 Qb6 18.Qc3 Nd7 19.c5 Qc7 20.Nf2 Bf5 21.Rg3 b6 22.
b4 a5 23.a3 axb4 24.axb4 Rff8 25.Bh3 Nf6 26.Rxa8 Rxa8 27.Bxf5 exf5 28.Qc2 
Ra1+ 29.Kg2 Ne4 30.Nxe4 fxe4 31.cxb6 Qxb6 32.Qc5 Ra2+ 33.Kg1 Ra1+ 34.Kg2 
Ra2+ 35.Kg1 Qxc5 36.bxc5 Kf7 37.h4 g6 38.Kh1 Kf6 39.Kg1 Kf5 40.Kh1 Rb2 41.
Kg1 Re2 42.Kh1 Rf2 43.Kg1 Ra2 1/2-1/2

[Event "30th Rilton Cup"]
[Site "Stockholm SWE"]
[Date "2000.12.29"]
[Round "3.5"]
[White "Bellon Lopez, Juan Manuel"]
[Black "Yakovich, Yury"]
[Result "0-1"]
[WhiteElo "2421"]
[BlackElo "2547"]
[EventDate "2000.12.27"]
[PlyCount "108"]

1.d4 d5 2.Nf3 e6 3.c4 dxc4 4.e3 a6 5.Bxc4 c5 6.a3 Nf6 7.O-O b5 8.Ba2 Bb7 
9.dxc5 Bxc5 10.Qxd8+ Kxd8 11.b4 Bd6 12.Bb2 Ke7 13.Nbd2 Nbd7 14.Nb3 Rac8 
15.Na5 Bxf3 16.gxf3 Be5 17.Bxe5 Nxe5 18.Kg2 Rc3 19.Bb1 Rhc8 20.Be4 Nxe4 
21.fxe4 Rc2 22.Kg3 Nd3 23.Rad1 R2c3 24.Ra1 Rc2 25.Rad1 R2c3 26.Ra1 Kf6 27.
Rfd1 Ke5 28.Kf3 g5 29.h3 h5 30.Rd2 g4+ 31.hxg4 hxg4+ 32.Kg3 Kxe4 33.Nb7 
R8c7 34.Nc5+ Nxc5 35.Rd4+ Ke5 36.bxc5 f5 37.Rd6 a5 38.Ra6 a4 39.Rd1 R3xc5 
40.Rdd6 Re7 41.Rab6 Kf6 42.Rd8 Rec7 43.Rf8+ Ke7 44.Rh8 R7c6 45.Rb7+ Kd6 
46.Rd8+ Ke5 47.Rdb8 Ke4 48.Rd7 e5 49.Kg2 g3 50.Rd2 gxf2 51.Rxf2 Rc2 52.
Rxb5 Rxf2+ 53.Kxf2 Rc2+ 54.Kg3 Ra2 0-1

[Event "30th Rilton Cup"]
[Site "Stockholm SWE"]
[Date "2000.12.29"]
[Round "3.6"]
[White "Radziewicz, Iweta"]
[Black "Gyimesi, Zoltan"]
[Result "0-1"]
[WhiteElo "2379"]
[BlackElo "2539"]
[EventDate "2000.12.27"]
[PlyCount "100"]

1.d4 Nf6 2.c4 e6 3.Nf3 d5 4.Nc3 dxc4 5.e4 Bb4 6.Bg5 c5 7.dxc5 Qxd1+ 8.Rxd1
Nbd7 9.Bxf6 Nxf6 10.Rd4 Bxc5 11.Rxc4 Bb6 12.Be2 Bd7 13.Ne5 Ke7 14.O-O Rhc8
15.Rd1 Ba5 16.Nxd7 Nxd7 17.Rcd4 Ne5 18.f4 Bb6 19.fxe5 Rd8 20.Nb5 Rxd4 21.
Nxd4 Rd8 22.Kf1 Rxd4 23.Bd3 Bc7 24.b3 Bxe5 25.h3 Rd7 26.Ke2 a6 27.Rc1 Bd4 
28.Rc8 g6 29.a4 Kd6 30.g4 Ke5 31.Rh8 Kf4 32.Rxh7 Bc3 33.e5 g5 34.h4 gxh4 
35.Rxh4 Kg5 36.Rh7 Kxg4 37.Bc4 Kf5 38.Kf3 Kxe5 39.Ke3 Bd2+ 40.Kf3 Kf6 41.
Rh1 Bg5 42.Ke4 Ke7 43.Rh7 Bf6 44.Ke3 Rd4 45.Rh5 Rh4 46.Rxh4 Bxh4 47.Bf1 a5
48.Bb5 f5 49.Kf4 Kf6 50.Bd7 Bg5+ 0-1

[Event "30th Rilton Cup"]
[Site "Stockholm SWE"]
[Date "2000.12.29"]
[Round "3.8"]
[White "Aengskog, Kent"]
[Black "Brynell, Stellan"]
[Result "0-1"]
[WhiteElo "2264"]
[BlackElo "2473"]
[EventDate "2000.12.27"]
[PlyCount "60"]

1.Nf3 d5 2.g3 Nc6 3.Bg2 e5 4.d3 Nf6 5.O-O Be7 6.a3 a5 7.Bg5 O-O 8.Nc3 Be6 
9.e4 d4 10.Ne2 Nd7 11.Bd2 a4 12.Ne1 Na5 13.f4 f6 14.Nf3 c5 15.Nh4 c4 16.
Nf5 cxd3 17.Nxe7+ Qxe7 18.cxd3 Nc5 19.fxe5 fxe5 20.Rxf8+ Qxf8 21.Bb4 Nab3 
22.Rb1 Qf6 23.Nc1 Qg5 24.Nxb3 Qe3+ 25.Kh1 Nxd3 26.Qf3 Bxb3 27.Be7 Qxf3 28.
Bxf3 Re8 29.Bg5 h6 30.Bd2 Rc8 0-1

[Event "30th Rilton Cup"]
[Site "Stockholm SWE"]
[Date "2000.12.29"]
[Round "3.9"]
[White "Aakesson, Ralf"]
[Black "Holmsten, Aleksei"]
[Result "1/2-1/2"]
[WhiteElo "2465"]
[BlackElo "2408"]
[EventDate "2000.12.27"]
[PlyCount "113"]

1.Nf3 Nf6 2.c4 g6 3.Nc3 d5 4.cxd5 Nxd5 5.Qa4+ Bd7 6.Qc2 Nb6 7.d4 Bg7 8.Bf4
O-O 9.Rd1 a5 10.e4 Bg4 11.Be2 Bxf3 12.Bxf3 e5 13.Bxe5 Bxe5 14.dxe5 Qe7 15.
O-O Nc6 16.e6 fxe6 17.e5 Nb4 18.Qe2 c6 19.Bg4 N4d5 20.g3 Nxc3 21.bxc3 Nd5 
22.Qc2 Rae8 23.c4 Qc5 24.Qb3 Nb6 25.Rd6 Qxe5 26.Rfd1 Nd5 27.Rxe6 Rxe6 28.
Bxe6+ Qxe6 29.cxd5 cxd5 30.Qxb7 d4 31.Qb2 d3 32.Qb3 Qxb3 33.axb3 Rd8 34.
Rd2 Rd4 35.Kg2 a4 36.bxa4 Rxa4 37.Rxd3 Ra7 38.g4 g5 39.h4 h6 40.Rd5 Rg7 
41.Kf3 Kh7 42.Re5 Rf7+ 43.Ke3 Kg6 44.f3 Ra7 45.Re6+ Kg7 46.Re5 Kg6 47.Rd5 
Rf7 48.Rd6+ Kg7 49.Re6 Ra7 50.h5 Ra3+ 51.Ke4 Ra4+ 52.Ke5 Ra5+ 53.Kd4 Ra4+ 
54.Kc5 Ra3 55.Rg6+ Kh7 56.Rf6 Kg7 57.Rg6+ 1/2-1/2

[Event "30th Rilton Cup"]
[Site "Stockholm SWE"]
[Date "2000.12.29"]
[Round "3.12"]
[White "Gdanski, Jacek"]
[Black "Lehtinen, Heikki"]
[Result "0-1"]
[WhiteElo "2557"]
[BlackElo "2336"]
[EventDate "2000.12.27"]
[PlyCount "110"]

1.d4 g6 2.e4 Bg7 3.Nc3 d6 4.Be3 c6 5.Qd2 b5 6.Nf3 Nd7 7.h3 Qc7 8.Bd3 a5 9.
O-O Ngf6 10.Rfe1 O-O 11.Bh6 b4 12.Ne2 c5 13.c3 Ba6 14.Bxg7 Kxg7 15.Ng3 
Bxd3 16.Qxd3 Rfd8 17.Qe3 e6 18.Rad1 bxc3 19.Qxc3 Qb6 20.d5 e5 21.Nd2 Qb5 
22.Ngf1 Nb6 23.Ne3 Nfd7 24.Rb1 a4 25.Rf1 f6 26.f4 exf4 27.Rxf4 Ne5 28.Rbf1
Rf8 29.Nf3 Nbd7 30.Nxe5 Nxe5 31.R4f2 Rab8 32.Ng4 Nxg4 33.hxg4 Qb4 34.Qxb4 
Rxb4 35.g5 f5 36.exf5 Rxf5 37.Rxf5 gxf5 38.Rxf5 Rxb2 39.Rf6 c4 40.Rxd6 c3 
41.Rc6 c2 42.Kh2 Rxa2 43.Rc7+ Kf8 44.d6 Ke8 45.Kg3 Rb2 46.Kf4 a3 47.Ke5 a2
48.Ke6 Rb8 49.Re7+ Kf8 50.Rf7+ Kg8 51.Rf1 Re8+ 52.Kd5 Re2 53.Kc4 Rd2 54.
Kb3 Rd1 55.d7 a1=N+ 0-1

[Event "30th Rilton Cup"]
[Site "Stockholm SWE"]
[Date "2000.12.29"]
[Round "3.13"]
[White "Agrest, Evgenij"]
[Black "Maeki-Uuro, Miikka"]
[Result "1-0"]
[WhiteElo "2545"]
[BlackElo "2329"]
[EventDate "2000.12.27"]
[PlyCount "41"]

1.c4 Nf6 2.Nc3 e6 3.e4 d5 4.e5 d4 5.exf6 dxc3 6.bxc3 Qxf6 7.Nf3 e5 8.Bd3 
Bf5 9.Bxf5 Qxf5 10.Qe2 Nd7 11.d4 O-O-O 12.O-O exd4 13.cxd4 c5 14.Be3 Bd6 
15.Rab1 Rhe8 16.Qb2 b6 17.Rfd1 g5 18.dxc5 Bxc5 19.Rd5 Qe4 20.Bxc5 Qxc4 21.
Rd4 1-0

[Event "30th Rilton Cup"]
[Site "Stockholm SWE"]
[Date "2000.12.29"]
[Round "3.15"]
[White "Hector, Jonny"]
[Black "Hedman, Erik"]
[Result "1-0"]
[WhiteElo "2499"]
[BlackElo "2323"]
[EventDate "2000.12.27"]
[PlyCount "123"]

1.e4 e6 2.d4 d5 3.Nd2 Nf6 4.e5 Nfd7 5.c3 c5 6.Bd3 Nc6 7.Ngf3 Qb6 8.O-O 
cxd4 9.cxd4 Be7 10.Nb3 a5 11.Be3 a4 12.Nc1 Nb4 13.Be2 a3 14.Rb1 Qc7 15.Bd2
O-O 16.bxa3 Nc2 17.Bb4 Nxb4 18.axb4 Nb6 19.Bd3 Bd7 20.Qd2 Nc4 21.Qc2 g6 
22.h4 Rfc8 23.Qe2 Ra4 24.b5 Ra5 25.h5 b6 26.Nh2 Na3 27.Rb2 Nc4 28.Rc2 Bxb5
29.hxg6 hxg6 30.Qg4 Bf8 31.Bxg6 Bg7 32.Bd3 Qd7 33.Nf3 Na3 34.Rxc8+ Qxc8 
35.Ng5 Ra7 36.Nh7 Qc3 37.Nf6+ Kf8 38.Bxb5 Nxb5 39.Ne2 Qd3 40.Rc1 Rc7 41.
Rxc7 Nxc7 42.Nf4 Qb1+ 43.Kh2 Bxf6 44.exf6 Qh7+ 45.Nh3 Ne8 46.Qf4 Qc2 47.
Qh4 Kg8 48.Qg3+ Kf8 49.Qa3+ Kg8 50.Qa8 Kf8 51.g4 Qg6 52.g5 Qc2 53.Qa3+ Kg8
54.Kg3 Qc7+ 55.Kg4 Nd6 56.Qa8+ Qc8 57.Qxc8+ Nxc8 58.g6 Nd6 59.Kf4 Nf5 60.
Ke5 Nh4 61.gxf7+ Kxf7 62.f4 1-0

[Event "30th Rilton Cup"]
[Site "Stockholm SWE"]
[Date "2000.12.29"]
[Round "3.16"]
[White "Barkhagen, Jonas"]
[Black "Bjarnehag, Peter"]
[Result "1-0"]
[WhiteElo "2466"]
[BlackElo "2211"]
[EventDate "2000.12.27"]
[PlyCount "83"]

1.d4 Nf6 2.Nf3 e6 3.Bg5 d5 4.c4 c6 5.Nc3 Nbd7 6.e3 Bb4 7.cxd5 exd5 8.Bd3 
Qa5 9.Qc2 O-O 10.O-O Re8 11.Rfc1 Bxc3 12.bxc3 Ne4 13.Bf4 b6 14.Ng5 Nxg5 
15.Bxg5 Nf8 16.Qb2 Ng6 17.h4 h6 18.h5 Nf8 19.Bf4 Bg4 20.Qb4 Qxb4 21.cxb4 
Bd7 22.Rab1 Ne6 23.Bd6 Ng5 24.Be5 Nh7 25.f3 f5 26.Kf2 Nf6 27.Bxf6 gxf6 28.
b5 cxb5 29.Rc2 Be6 30.Bxb5 Rec8 31.Rbc1 a6 32.Bd3 b5 33.Rc7 Rxc7 34.Rxc7 
Rc8 35.Ra7 Rc3 36.Rxa6 Rxd3 37.Rxe6 Rd2+ 38.Kg3 Kf7 39.Rb6 Rxa2 40.Rxb5 
Re2 41.Kf4 Rxg2 42.Rxd5 1-0

[Event "30th Rilton Cup"]
[Site "Stockholm SWE"]
[Date "2000.12.29"]
[Round "3.17"]
[White "Ornstein, Axel"]
[Black "Bromann, Thorbjoern"]
[Result "1/2-1/2"]
[WhiteElo "2426"]
[BlackElo "2261"]
[EventDate "2000.12.27"]
[PlyCount "97"]

1.c4 e5 2.g3 Nf6 3.Bg2 d5 4.cxd5 Nxd5 5.Nc3 Nb6 6.Nf3 Nc6 7.O-O Be7 8.d3 
O-O 9.a3 Be6 10.b4 f6 11.Bb2 Qd7 12.Ne4 Nd5 13.d4 exd4 14.Nxd4 Nxd4 15.
Qxd4 Nb6 16.Rfd1 Qxd4 17.Bxd4 Na4 18.Rac1 c6 19.f4 Rfd8 20.Nc5 Nxc5 21.
Bxc5 Bxc5+ 22.bxc5 Rxd1+ 23.Rxd1 Re8 24.Kf2 Kf7 25.Rd4 Ke7 26.Ra4 a6 27.
Rd4 f5 28.Ke3 h6 29.h4 Kf6 30.Kd3 g5 31.hxg5+ hxg5 32.fxg5+ Kxg5 33.Bf3 
Kf6 34.Rh4 Rg8 35.Kd4 Rd8+ 36.Kc3 Rd1 37.Rh7 Bf7 38.Rh1 Rxh1 39.Bxh1 Ke5 
40.Bf3 Be6 41.Kd3 Bc8 42.e4 fxe4+ 43.Bxe4 Bg4 44.Ke3 a5 45.Bg2 Bd1 46.Bh3 
Kd5 47.Bc8 Kxc5 48.Bxb7 Kb5 49.Bc8 1/2-1/2

[Event "30th Rilton Cup"]
[Site "Stockholm SWE"]
[Date "2000.12.29"]
[Round "3.18"]
[White "Keskinen, Sauli"]
[Black "Svensson, Bengt"]
[Result "0-1"]
[WhiteElo "2237"]
[BlackElo "2393"]
[EventDate "2000.12.27"]
[PlyCount "68"]

1.e4 c5 2.Nc3 Nc6 3.g3 g6 4.Bg2 Bg7 5.d3 d6 6.Be3 e6 7.Qd2 Rb8 8.Nge2 Nd4 
9.O-O Ne7 10.Rae1 O-O 11.Nd1 b6 12.Nc1 Bb7 13.c3 Ndc6 14.Bh6 e5 15.Bxg7 
Kxg7 16.Ne3 Qd7 17.f4 f6 18.Ne2 Ba6 19.h4 f5 20.Bh3 Kh8 21.Kh2 Rf7 22.g4 
fxe4 23.g5 Qe8 24.dxe4 exf4 25.Qxd6 Bxe2 26.Bd7 Qf8 27.Rxe2 fxe3 28.Rf6 
Rd8 29.e5 Nb8 30.e6 Rxf6 31.Qe5 Nxd7 32.exd7 Rxd7 33.Rxe3 Ng8 34.Rf3 Qd6 
0-1

[Event "30th Rilton Cup"]
[Site "Stockholm SWE"]
[Date "2000.12.29"]
[Round "3.22"]
[White "Livner, Anders"]
[Black "Salmensuu, Olli"]
[Result "0-1"]
[WhiteElo "2196"]
[BlackElo "2467"]
[EventDate "2000.12.27"]
[PlyCount "60"]

1.d4 Nf6 2.Nf3 c5 3.d5 b5 4.Bg5 Ne4 5.Qd3 Nxg5 6.Nxg5 g6 7.Qc3 f6 8.Nf3 d6
9.e4 b4 10.Qe3 Bg7 11.Bb5+ Nd7 12.Nbd2 O-O 13.Nc4 Rb8 14.Bxd7 Qxd7 15.Rd1 
Ba6 16.b3 f5 17.e5 Bxc4 18.bxc4 Qa4 19.O-O Qxc2 20.exd6 exd6 21.Qe6+ Kh8 
22.Ng5 h6 23.Nf7+ Kh7 24.Nxd6 Qxa2 25.Rd3 b3 26.Nf7 Rxf7 27.Qxf7 b2 28.Rg3
Rb6 29.Rxg6 Rxg6 30.Qxf5 Qxc4 0-1

[Event "30th Rilton Cup"]
[Site "Stockholm SWE"]
[Date "2000.12.29"]
[Round "3.24"]
[White "Lehtinen, Antti"]
[Black "Ernst, Thomas"]
[Result "0-1"]
[WhiteElo "2154"]
[BlackElo "2419"]
[EventDate "2000.12.27"]
[PlyCount "28"]

1.c4 c5 2.Nf3 Nc6 3.g3 e5 4.Nc3 g6 5.Bg2 Bg7 6.d3 Nge7 7.h4 h6 8.e4 d6 9.
Be3 Bg4 10.Qd2 Qd7 11.Ng1 Nd4 12.Nd5 Nxd5 13.cxd5 Qa4 14.b3 Nxb3 0-1

[Event "30th Rilton Cup"]
[Site "Stockholm SWE"]
[Date "2000.12.30"]
[Round "4.1"]
[White "Brynell, Stellan"]
[Black "Gleizerov, Evgeny"]
[Result "1/2-1/2"]
[WhiteElo "2473"]
[BlackElo "2569"]
[EventDate "2000.12.27"]
[PlyCount "54"]

1.e4 e6 2.d4 d5 3.Nd2 Nf6 4.e5 Nfd7 5.c3 c5 6.Bd3 Nc6 7.Ne2 cxd4 8.cxd4 f6
9.exf6 Nxf6 10.O-O Bd6 11.Nf3 Qc7 12.g3 O-O 13.Bf4 Bd7 14.Rc1 Rae8 15.Qd2 
Qb8 16.Rfe1 Kh8 17.Bxd6 Qxd6 18.Nf4 Ng4 19.Bf1 e5 20.dxe5 Ngxe5 21.Nxe5 
Nxe5 22.Bg2 d4 23.Bxb7 Bg4 24.Nd3 Nxd3 25.Rxe8 Rxe8 26.Qxd3 Qb4 27.Be4 
Qxb2 1/2-1/2

[Event "30th Rilton Cup"]
[Site "Stockholm SWE"]
[Date "2000.12.30"]
[Round "4.8"]
[White "Cramling, Pia"]
[Black "Engqvist, Thomas"]
[Result "1/2-1/2"]
[WhiteElo "2505"]
[BlackElo "2366"]
[EventDate "2000.12.27"]
[PlyCount "93"]

1.d4 d5 2.c4 c6 3.Nc3 Nf6 4.e3 g6 5.Nf3 Bg7 6.Bd3 O-O 7.h3 c5 8.O-O cxd4 
9.exd4 Nc6 10.a3 dxc4 11.Bxc4 Ne8 12.d5 Nd6 13.Ba2 Ne5 14.Nxe5 Bxe5 15.Re1
Bf6 16.Bf4 Bf5 17.Be5 Bd7 18.Qd2 Qb6 19.Bxf6 exf6 20.Ne4 Nxe4 21.Rxe4 Qd6 
22.Rh4 Bf5 23.Bb1 Bxb1 24.Rxb1 g5 25.Rb4 b6 26.h4 h6 27.f4 g4 28.f5 Kh7 
29.Rxg4 Rfe8 30.Rc1 Re5 31.Rc6 Qxd5 32.Qxd5 Rxd5 33.Rc7 Rf8 34.Rxa7 Rxf5 
35.a4 h5 36.Rb4 Rd8 37.Rxb6 Rf4 38.Rxf7+ Kg6 39.Rbb7 Rd1+ 40.Kh2 Rxh4+ 41.
Kg3 Rg4+ 42.Kf3 Rxa4 43.Rg7+ Kf5 44.Rb5+ Ke6 45.b4 Rd4 46.Rb6+ Kf5 47.Rb5+
1/2-1/2

[Event "30th Rilton Cup"]
[Site "Stockholm SWE"]
[Date "2000.12.30"]
[Round "4.9"]
[White "Ionov, Sergei"]
[Black "Ahlander, Bjoern"]
[Result "1/2-1/2"]
[WhiteElo "2503"]
[BlackElo "2424"]
[EventDate "2000.12.27"]
[PlyCount "68"]

1.d4 Nf6 2.c4 e6 3.Nf3 b6 4.Nc3 Bb7 5.a3 d5 6.cxd5 Nxd5 7.Qc2 Be7 8.Bd2 
Nxc3 9.Bxc3 Qd5 10.Nd2 O-O 11.e4 Qd7 12.Rd1 c5 13.dxc5 Bxc5 14.Nf3 Qc7 15.
b4 Be7 16.Qb2 Bxe4 17.Bxg7 Rd8 18.Rc1 Qf4 19.Be5 Qh6 20.Rc4 f5 21.Rc7 Nd7 
22.Bd4 Rac8 23.Qc3 Rxc7 24.Qxc7 Nc5 25.Qg3+ Kf8 26.Be3 Qf6 27.Ne5 Nd7 28.
Bf4 Nxe5 29.Bxe5 Qh6 30.Bf4 Qf6 31.Be5 Qg5 32.Bf4 Qf6 33.Be5 Qh6 34.Bf4 
Qf6 1/2-1/2

[Event "30th Rilton Cup"]
[Site "Stockholm SWE"]
[Date "2000.12.30"]
[Round "4.10"]
[White "Svensson, Bengt"]
[Black "Hector, Jonny"]
[Result "1/2-1/2"]
[WhiteElo "2393"]
[BlackElo "2499"]
[EventDate "2000.12.27"]
[PlyCount "82"]

1.e4 e5 2.Nf3 Nc6 3.Bb5 Bc5 4.c3 Bb6 5.d4 exd4 6.cxd4 Nce7 7.O-O c6 8.Bc4 
d5 9.exd5 Nxd5 10.Nc3 Ngf6 11.Nxd5 Nxd5 12.Re1+ Be6 13.Ng5 Qd7 14.Nxe6 
fxe6 15.Qh5+ g6 16.Qg4 O-O-O 17.Bg5 Rde8 18.Bh4 Rhf8 19.Bg3 Bc7 20.Bxc7 
Kxc7 21.Qg3+ Qd6 22.Re5 Rf5 23.Rae1 Rxe5 24.Rxe5 Kd7 25.Qh3 Re7 26.Bxd5 
cxd5 27.Qb3 Qc6 28.Re1 b6 29.Qa3 Ke8 30.Qg3 Kd7 31.Qf4 Qd6 32.Qe3 Re8 33.
Rc1 Rc8 34.Rxc8 Kxc8 35.h4 Qe7 36.g3 Kd7 37.Kg2 Qf6 38.Qh6 Qf7 39.Qe3 Qf5 
40.Qh6 Qe4+ 41.Kg1 Qe1+ 1/2-1/2

[Event "30th Rilton Cup"]
[Site "Stockholm SWE"]
[Date "2000.12.30"]
[Round "4.11"]
[White "Hermansson, Emil"]
[Black "Barkhagen, Jonas"]
[Result "1-0"]
[WhiteElo "2379"]
[BlackElo "2466"]
[EventDate "2000.12.27"]
[PlyCount "81"]

1.e4 e5 2.Nf3 Nc6 3.Bb5 a6 4.Ba4 Nf6 5.O-O Be7 6.Re1 b5 7.Bb3 d6 8.c3 O-O 
9.h3 Nd7 10.d4 Bb7 11.a4 Bf6 12.Na3 exd4 13.cxd4 Re8 14.Bf4 Na5 15.Bc2 b4 
16.Nb1 g6 17.Nbd2 Nf8 18.Qe2 b3 19.Bd3 Ne6 20.Be3 d5 21.e5 Be7 22.Qd1 c5 
23.Nxb3 c4 24.Nxa5 Qxa5 25.Bc2 Rab8 26.Rb1 Bc6 27.Nh2 Rb7 28.f4 f5 29.exf6
Bxf6 30.Ng4 Bg7 31.Ne5 Bd7 32.f5 gxf5 33.Bxf5 Nxd4 34.Bxh7+ Kxh7 35.Qh5+ 
Kg8 36.Qf7+ Kh7 37.Nxd7 Qd8 38.Bxd4 Rxe1+ 39.Rxe1 Qxd7 40.Qh5+ Bh6 41.Re8 
1-0

[Event "30th Rilton Cup"]
[Site "Stockholm SWE"]
[Date "2000.12.30"]
[Round "4.12"]
[White "Lehtinen, Heikki"]
[Black "Hillarp Persson, Tiger"]
[Result "0-1"]
[WhiteElo "2336"]
[BlackElo "2520"]
[EventDate "2000.12.27"]
[PlyCount "78"]

1.c4 d6 2.g3 e5 3.Bg2 f5 4.Nc3 Nf6 5.d3 g6 6.e4 Bg7 7.Nge2 O-O 8.exf5 gxf5
9.f4 c6 10.h3 Na6 11.O-O h5 12.Be3 h4 13.gxh4 Nh5 14.fxe5 dxe5 15.Bg5 Qd6 
16.Bf3 Nf6 17.Qd2 Nc5 18.Rad1 Be6 19.b4 Ncd7 20.Kh1 Qxb4 21.Bh6 Qe7 22.Rg1
Rf7 23.Qg5 Kh8 24.h5 Bxh6 25.Qxh6+ Rh7 26.Qg5 Qf7 27.h6 Qf8 28.Rb1 Rb8 29.
d4 Qxh6 30.Qxh6 Rxh6 31.d5 cxd5 32.cxd5 Bf7 33.Rg5 Rxh3+ 34.Kg2 Rh7 35.
Rxf5 Bg6 36.Ng3 Rg8 37.Kf2 Rh2+ 38.Ke3 Rh3 39.Rg5 Bxb1 0-1

[Event "30th Rilton Cup"]
[Site "Stockholm SWE"]
[Date "2000.12.30"]
[Round "4.21"]
[White "Eriksson, Anders"]
[Black "Nyysti, Sampsa"]
[Result "1-0"]
[WhiteElo "2354"]
[BlackElo "2260"]
[EventDate "2000.12.27"]
[PlyCount "87"]

1.c4 c5 2.Nf3 Nf6 3.d4 cxd4 4.Nxd4 b6 5.Nc3 Bb7 6.f3 d6 7.e4 e6 8.Be2 Be7 
9.O-O Nbd7 10.Be3 O-O 11.Qd2 a6 12.Rfd1 Qc7 13.Rac1 Rac8 14.a3 Qb8 15.b4 
Bd8 16.Kh1 Ne5 17.Na4 Bc7 18.Bg1 Ng6 19.Qe1 Rfe8 20.Qf2 Nd7 21.Bf1 Bd8 22.
Rc2 h5 23.Nb3 Bc6 24.Nc3 h4 25.Qd2 Be7 26.Be3 h3 27.g3 Bb7 28.Qe2 Nge5 29.
Nd2 d5 30.cxd5 exd5 31.Bxh3 Rc7 32.f4 Ng6 33.Ndb1 Nf6 34.Bxb6 Rc6 35.Bd4 
Nxe4 36.Bd7 Nxg3+ 37.hxg3 Nxf4 38.Qe5 Rh6+ 39.Kg1 Qxe5 40.Bxe5 Nh3+ 41.Kf1
Rd8 42.Bg4 f5 43.Bf3 Ng5 44.Bg2 1-0

[Event "30th Rilton Cup"]
[Site "Stockholm SWE"]
[Date "2000.12.30"]
[Round "4.35"]
[White "Carlsson, Mats"]
[Black "Asadpour, Mehdi"]
[Result "0-1"]
[BlackElo "2126"]
[WhiteElo "2289"]
[EventDate "2000.12.27"]
[PlyCount "79"]

1.Nf3 Nf6 2.g3 d5 3.Bg2 Bg4 4.c4 dxc4 5.Na3 c6 6.Nxc4 e6 7.O-O Be7 8.Qb3 
Qc8 9.Nfe5 Bxe2 10.Re1 Bxc4 11.Qxc4 O-O 12.b3 Nbd7 13.Bb2 Nxe5 14.Rxe5 Qd8
15.Rae1 Nd5 16.g4 Bf6 17.g5 Bxg5 18.Qg4 Bf6 19.Be4 g6 20.Qg3 Bg7 21.h4 Nf6
22.Ba3 Qxd2 23.Bf3 Rfd8 24.R5e2 Qa5 25.Bd6 Nh5 26.Qh2 Qf5 27.Bg2 Bd4 28.
Be5 Bxe5 29.Rxe5 Qf4 30.Qh3 Rd2 31.Bf3 Rd3 32.R1e3 Rxe3 33.Rxe3 Ng7 34.Rd3
Qc7 35.h5 Rd8 36.Re3 Qf4 37.hxg6 hxg6 38.Bg4 Rd4 39.Be2 Nf5 40.Rf3 0-1

[Event "30th Rilton Cup"]
[Site "Stockholm SWE"]
[Date "2000.12.30"]
[Round "4.45"]
[White "Puuska, Heini"]
[Black "Ask, Josef"]
[Result "1-0"]
[WhiteElo "2023"]
[BlackElo "2177"]
[EventDate "2000.12.27"]
[PlyCount "65"]

1.d4 Nf6 2.Nf3 g6 3.Nc3 d5 4.Bf4 Bg7 5.e3 O-O 6.Be2 c6 7.h3 Nbd7 8.O-O Ne8
9.Qd2 Nd6 10.Rfe1 Re8 11.Bf1 e5 12.dxe5 Nxe5 13.Nxe5 Bxe5 14.Bxe5 Rxe5 15.
Ne2 Qf6 16.Ng3 Rg5 17.Qd4 Qe7 18.Rad1 Nf5 19.Nxf5 Bxf5 20.g4 c5 21.Qd2 
Bxg4 22.hxg4 Rxg4+ 23.Bg2 Qe4 24.f4 Rd8 25.Qe2 h5 26.Kf1 Qe7 27.Rxd5 Rxd5 
28.Bxd5 b6 29.Qf2 h4 30.Ke2 Qf6 31.Rg1 Rxg1 32.Qxg1 Kg7 33.Qg5 1-0

[Event "30th Rilton Cup"]
[Site "Stockholm SWE"]
[Date "2000.12.31"]
[Round "5.2"]
[White "Gleizerov, Evgeny"]
[Black "Hermansson, Emil"]
[Result "1-0"]
[WhiteElo "2569"]
[BlackElo "2379"]
[EventDate "2000.12.27"]
[PlyCount "81"]

1.d4 Nf6 2.c4 g6 3.Nc3 Bg7 4.e4 d6 5.Nf3 O-O 6.Be2 e5 7.O-O Nc6 8.d5 Ne7 
9.Nd2 a5 10.a3 Nd7 11.Rb1 f5 12.b4 Kh8 13.Qc2 Ng8 14.exf5 gxf5 15.f4 Ne7 
16.Nf3 e4 17.Ne1 Nf6 18.Kh1 axb4 19.axb4 c6 20.dxc6 bxc6 21.Be3 d5 22.Rd1 
Ng4 23.Bc5 Rg8 24.Bxg4 fxg4 25.Nxe4 Nf5 26.cxd5 cxd5 27.Qd3 Ba6 28.Ng5 Qf6
29.Qxd5 h6 30.Nf7+ Kh7 31.Nd3 Rab8 32.Ng5+ hxg5 33.fxg5 Qg6 34.Qxf5 Rbd8 
35.Qxg6+ Kxg6 36.Nf4+ Kf5 37.Ne2+ Kg6 38.Rde1 Rge8 39.Nf4+ Kf5 40.Ne6+ 
Bxf1 41.Nxg7+ 1-0

[Event "30th Rilton Cup"]
[Site "Stockholm SWE"]
[Date "2000.12.31"]
[Round "5.3"]
[White "Agrest, Evgenij"]
[Black "Ulybin, Mikhail"]
[Result "1/2-1/2"]
[WhiteElo "2545"]
[BlackElo "2568"]
[EventDate "2000.12.27"]
[PlyCount "24"]

1.c4 e5 2.Nc3 Nc6 3.Nf3 f5 4.g3 Nf6 5.d4 e4 6.Nh4 d6 7.Bg5 Be7 8.e3 Ng4 9.
Bxe7 Nxe7 10.Be2 Nf6 11.Ng2 O-O 12.h4 Be6 1/2-1/2

[Event "30th Rilton Cup"]
[Site "Stockholm SWE"]
[Date "2000.12.31"]
[Round "5.4"]
[White "Heine-Nielsen, Peter"]
[Black "Brynell, Stellan"]
[Result "1-0"]
[WhiteElo "2580"]
[BlackElo "2473"]
[EventDate "2000.12.27"]
[PlyCount "81"]

1.d4 d5 2.c4 Nc6 3.Nc3 Nf6 4.Nf3 dxc4 5.Bg5 h6 6.Bxf6 exf6 7.e3 a6 8.Bxc4 
Bd6 9.a3 f5 10.Qc2 O-O 11.O-O Ne7 12.Rad1 c6 13.Ba2 Qc7 14.Na4 b6 15.Rc1 
Rb8 16.b4 Be6 17.Bxe6 fxe6 18.Nc5 bxc5 19.bxc5 Bxh2+ 20.Nxh2 e5 21.Qc4+ 
Kh7 22.dxe5 Qxe5 23.Nf3 Qe4 24.Rfd1 Qxc4 25.Rxc4 Rb3 26.Ra4 Ra8 27.Rd7 
Rb1+ 28.Kh2 Nd5 29.Nd4 Rb2 30.Ne6 Rg8 31.Rxa6 Rxf2 32.Rxc6 Nxe3 33.Kg3 Ra2
34.Rcc7 Rxa3 35.Rxg7+ Rxg7+ 36.Rxg7+ Kh8 37.Kf4 Ra4+ 38.Kxe3 Re4+ 39.Kd3 
Rxe6 40.Rf7 Re5 41.c6 1-0

[Event "30th Rilton Cup"]
[Site "Stockholm SWE"]
[Date "2000.12.31"]
[Round "5.5"]
[White "Ornstein, Axel"]
[Black "Ivanov, Sergei"]
[Result "1/2-1/2"]
[WhiteElo "2426"]
[BlackElo "2570"]
[EventDate "2000.12.27"]
[PlyCount "89"]

1.c4 Nf6 2.Nc3 e5 3.d3 Bb4 4.Bd2 Nc6 5.g3 O-O 6.Bg2 Re8 7.Nf3 Nd4 8.O-O c6
9.Ne4 Nxf3+ 10.Bxf3 Bxd2 11.Qxd2 d6 12.Rfd1 Be6 13.Qb4 Nxe4 14.dxe4 Qb6 
15.Qxb6 axb6 16.Rxd6 Red8 17.Rxd8+ Rxd8 18.b3 g5 19.e3 Rd2 20.Kf1 Kf8 21.
Ke1 Rb2 22.Bd1 Ke7 23.a4 Kd6 24.a5 b5 25.cxb5 cxb5 26.a6 bxa6 27.Rxa6+ Kc5
28.h4 gxh4 29.gxh4 Kb4 30.h5 Kc3 31.Rc6+ Kd3 32.Rd6+ Kxe4 33.Rb6 Rb1 34.
Rxb5 Kd3 35.h6 Bg4 36.Rd5+ Kc3 37.Rd6 e4 38.Rd4 f5 39.b4 Bxd1 40.Rxd1 
Rxd1+ 41.Kxd1 Kxb4 42.Kd2 Kb3 43.Kd1 Kc3 44.Kc1 Kd3 45.Kd1 1/2-1/2

[Event "30th Rilton Cup"]
[Site "Stockholm SWE"]
[Date "2000.12.31"]
[Round "5.6"]
[White "Ahlander, Bjoern"]
[Black "Gyimesi, Zoltan"]
[Result "0-1"]
[WhiteElo "2424"]
[BlackElo "2539"]
[EventDate "2000.12.27"]
[PlyCount "92"]

1.d4 Nf6 2.c4 e6 3.Nc3 Bb4 4.Qc2 O-O 5.a3 Bxc3+ 6.Qxc3 b6 7.Bg5 Ba6 8.Nf3 
d6 9.b4 Nbd7 10.Nd2 c5 11.dxc5 bxc5 12.b5 Bb7 13.e3 a6 14.Be2 Re8 15.bxa6 
Bxg2 16.Rg1 Bc6 17.h4 Kf8 18.h5 h6 19.Bh4 Rxa6 20.e4 Qa5 21.Qe3 Nxe4 22.
Rd1 Qc3 23.Rg3 Qxe3 24.Rxe3 Nef6 25.Nb1 Rb8 26.Nc3 Rxa3 27.Rxd6 Ra1+ 28.
Bd1 Rc8 29.Kd2 Nb6 30.Be2 Ke7 31.Bg3 Ne8 32.Ne4 Nxd6 33.Bxd6+ Ke8 34.Bxc5 
Bxe4 35.Bxb6 Ra2+ 36.Kc1 Bf5 37.Kd1 Ra1+ 38.Kd2 Rb1 39.c5 Rb2+ 40.Ke1 Ra8 
41.f3 Kd7 42.Kf2 Raa2 43.Ke1 Kc6 44.Kf2 f6 45.Ke1 e5 46.Kf2 Be6 0-1